Galician Diaspora - Statistics

General Stats
  • This quiz has been taken 271 times
  • The average score is 18 of 23
Answer Stats
Population Country % Correct
147,000 Argentina
97%
3,400 Portugal
94%
16,000 France
93%
9,900 Mexico
93%
14,100 United States
92%
3,600 Chile
89%
1,100 Colombia
89%
47,000 Venezuela
89%
10,700 United Kingdom
88%
35,400 Uruguay
88%
13,300 Germany
86%
38,500 Brazil
85%
1,200 Italy
84%
31,000 Cuba
81%
2,000 Canada
79%
1,200 Peru
77%
30,700 Switzerland
73%
2,400 Belgium
71%
2,600 Netherlands
67%
3,200 Panama
67%
1,600 Australia
64%
2,100 Andorra
51%
2,000 Dominican Republic
49%
No matching quizzes found
Score Distribution
Percent of People with Each Score
Percentile by Number Answered
Your Score History
You have not taken this quiz